| 000 | 01079nam a22003137a 4500 | ||
|---|---|---|---|
| 001 | 6242 | ||
| 003 | FISKH | ||
| 005 | 20250404091257.0 | ||
| 008 | 250404b cb ||||| |||| 00| 0 eng d | ||
| 020 | _a9780545032759 | ||
| 040 |
_aDLC _cDLC _dIG# _dBAKER _dOCO _dDLC _beng |
||
| 050 | _aPZ7.M9814 C | ||
| 082 | _a813.54 | ||
| 100 | 1 |
_aMyers, Anna _d(1942–) |
|
| 245 | 1 | 0 |
_aConfessions from the principal's chair / _cAnna Myers |
| 250 | _aThis edition first published in 2007 | ||
| 260 |
_aNew York : _bScholastic, _c2006. |
||
| 300 |
_a199 pages : _c20 cm |
||
| 505 | _aR | ||
| 520 | _aAfter participating in a cruel prank on a classmate, fourteen-year-old Robin and her mother move to Oklahoma, where Robin is mistaken for the substitute principal and receives a new perspective on bullying. | ||
| 521 | 8 |
_a760
_bLexile |
|
| 521 | 8 |
_aR
_bRaz-Plus |
|
| 650 | 1 |
_aBullies and bullying _vFiction. |
|
| 650 | 1 |
_aSchools _vFiction. |
|
| 650 | 1 |
_aFriendship _vFiction. |
|
| 906 |
_a7 _bcbc _corignew _d1 _eecip _f20 _gy-gencatlg |
||
| 942 |
_2ddc _cBK _n0 |
||
| 999 |
_c6242 _d6242 |
||